[Event "Bogota McGregor op 2nd"]
[Site "Bogota"]
[Date "2011.12.06"]
[Round "2"]
[White "Avella Rosas, Luis Eduardo"]
[Black "Zapata, Alonso"]
[Result "0-1"]
[WhiteElo "1985"]
[BlackElo "2483"]
[PlyCount "40"]
[EventDate "2011.12.06"]
[EventType "swiss"]
[EventRounds "10"]
[EventCountry "COL"]
[SourceTitle "CBM 145 Extra"]
[Source "ChessBase"]
[SourceDate "2012.01.03"]
[SourceVersion "1"]
[SourceVersionDate "2012.01.03"]
[SourceQuality "1"]

1. b3 e5 2. Bb2 Nc6 3. c4 g6 4. g3 Bg7 5. f4 Nh6 6. Nf3 d6 7. Bg2 Nf5 8. e4 exf4 9. Bxg7 Nxg7 10. gxf4 Nh5 11. f5 gxf5 12. 0-0 Rg8 13. Ne1 Qg5 14. Nc3 f4 15. Kh1 Bg4 16. Nf3 Qh6 17. d4 Ng3+ 18. Kg1 Nxf1 19. Kxf1 Bh3 20. Ne1 Bxg2+ 0-1

[Event "Bogota Univ Central op-A 5th"]
[Site "Bogota"]
[Date "2011.10.14"]
[Round "3.1"]
[White "Lopez Hernandez, Carlos Manuel"]
[Black "Avella Rosas, Luis Eduardo"]
[Result "1-0"]
[WhiteElo "2316"]
[BlackElo "1989"]
[PlyCount "69"]
[EventDate "2011.10.13"]
[EventType "swiss"]
[EventRounds "9"]
[EventCountry "COL"]
[SourceTitle "EXT 2024"]
[Source "ChessBase"]
[SourceDate "2023.10.10"]
[SourceVersion "1"]
[SourceVersionDate "2023.10.10"]
[SourceQuality "1"]

1. e4 e5 2. Nf3 Nc6 3. Bb5 d6 4. d4 exd4 5. Qxd4 a6 6. Bxc6+ bxc6 7. Nc3 Nf6 8. e5 Nd7 9. exd6 cxd6 10. 0-0 Nc5 11. Re1+ Ne6 12. Ng5 Qf6 13. Qb6 Bd7 14. Nxe6 fxe6 15. Ne4 Qd8 16. Qd4 Qb8 17. Bf4 e5 18. Ng5 Be7 19. Bxe5 dxe5 20. Rxe5 Qa7 21. Rxe7+ Kxe7 22. Qxg7+ Kd8 23. Qxh8+ Kc7 24. Qxh7 Re8 25. Rd1 Qd4 26. Qd3 Qxd3 27. cxd3 Re2 28. Rb1 Rd2 29. Ne4 Rc2 30. h4 Be6 31. h5 Bxa2 32. h6 Bxb1 33. h7 Rc1+ 34. Kh2 Bxd3 35. h8Q 1-0

[Event "Bogota Torneo Distrital op"]
[Site "Bogota"]
[Date "2010.05.15"]
[Round "3.4"]
[White "Ramirez Daza, Diego"]
[Black "Avella Rosas, Luis Eduardo"]
[Result "1-0"]
[WhiteElo "2134"]
[BlackElo "1983"]
[PlyCount "105"]
[EventDate "2010.05.14"]
[EventType "swiss"]
[EventRounds "7"]
[EventCountry "COL"]
[SourceTitle "EXT 2024"]
[Source "ChessBase"]
[SourceDate "2023.10.10"]
[SourceVersion "1"]
[SourceVersionDate "2023.10.10"]
[SourceQuality "1"]

1. e4 e5 2. Nf3 Nc6 3. d4 exd4 4. Nxd4 d6 5. Nc3 Be7 6. Bf4 Bf6 7. Nxc6 Bxc3+ 8. bxc3 bxc6 9. e5 d5 10. Qd4 Be6 11. Bd3 Ne7 12. Bg5 Qd7 13. 0-0 h6 14. Bxe7 Qxe7 15. f4 c5 16. Qf2 c4 17. Be2 0-0 18. f5 Bd7 19. Qd4 Rae8 20. Qxd5 Qxe5 21. Bxc4 Qxd5 22. Bxd5 Re5 23. Rad1 Bxf5 24. Bb3 g6 25. Rfe1 Rfe8 26. Rxe5 Rxe5 27. Kf2 Rc5 28. c4 Be6 29. Rd4 Kg7 30. Ke3 f5 31. Rd8 Re5+ 32. Kf3 Rc5 33. Ra8 a5 34. Ke3 Re5+ 35. Kd3 f4 36. Ra7 Bf5+ 37. Kd2 Rc5 38. Kc3 g5 39. Kd4 Rc6 40. Rxa5 Rf6 41. c5 g4 42. Ra7 f3 43. Rxc7+ Kg6 44. gxf3 gxf3 45. Ke3 Bg4 46. Kf2 Rf4 47. Rc6+ Kg5 48. Rd6 h5 49. c6 Rf8 50. c7 Re8 51. Bc4 Rc8 52. Rc6 Kf4 53. Ba6 1-0

[Event "Bogota IRT op Navideno"]
[Site "Bogota"]
[Date "2009.12.07"]
[Round "6"]
[White "Barrientos Chavarriaga, Sergio E"]
[Black "Avella Rosas, Luis Eduardo"]
[Result "1-0"]
[WhiteElo "2468"]
[BlackElo "1973"]
[PlyCount "63"]
[EventDate "2009.12.04"]
[EventType "swiss"]
[EventRounds "9"]
[EventCountry "COL"]
[SourceTitle "EXT 2024"]
[Source "ChessBase"]
[SourceDate "2023.10.10"]
[SourceVersion "1"]
[SourceVersionDate "2023.10.10"]
[SourceQuality "1"]

1. e4 e5 2. Nf3 Nc6 3. Bb5 d6 4. d4 exd4 5. Nxd4 Bd7 6. Nc3 Nxd4 7. Qxd4 Bxb5 8. Nxb5 c6 9. Nc3 Qb6 10. Qd3 Nf6 11. 0-0 Be7 12. Be3 Qc7 13. Bf4 Nh5 14. Bd2 0-0 15. f4 Nf6 16. Rae1 Rad8 17. Kh1 Rfe8 18. Qg3 Bf8 19. Bc1 b5 20. e5 dxe5 21. fxe5 Nh5 22. Qf3 g6 23. g4 Ng7 24. Ne4 Re6 25. Nf6+ Kh8 26. Qh3 h5 27. gxh5 g5 28. h6 Ne8 29. Bxg5 Be7 30. Nxe8 Rxe8 31. Rxf7 Qd7 32. Bf6+ 1-0

[Event "Bogota IRT op"]
[Site "Bogota"]
[Date "2009.05.03"]
[Round "8"]
[White "Avella Rosas, Luis Eduardo"]
[Black "Ramirez, Carlos"]
[Result "0-1"]
[WhiteElo "1960"]
[BlackElo "2262"]
[PlyCount "66"]
[EventDate "2009.04.30"]
[EventType "swiss"]
[EventRounds "9"]
[EventCountry "COL"]
[SourceTitle "CBM 130 Extra"]
[Source "ChessBase"]
[SourceDate "2009.07.02"]
[SourceVersion "2"]
[SourceVersionDate "2009.07.15"]
[SourceQuality "1"]

1. e4 e6 2. d4 d5 3. Nd2 c5 4. Ngf3 cxd4 5. exd5 Qxd5 6. Bc4 Qd6 7. 0-0 Nf6 8. Re1 Be7 9. Nb3 Nc6 10. Nbxd4 Nxd4 11. Nxd4 a6 12. Be3 0-0 13. Qf3 Qc7 14. Bd3 Bd7 15. Bf4 Bd6 16. Bxd6 Qxd6 17. Rad1 Qc7 18. Re3 Rfe8 19. Rde1 Qb6 20. Nb3 Rad8 21. Re5 Bc6 22. Qf4 Rd5 23. h3 Red8 24. g4 h6 25. h4 Rd4 26. Nxd4 Rxd4 27. R5e4 Bxe4 28. Bxe4 Nxe4 29. Rxe4 Rd1+ 30. Kg2 Qxb2 31. Rc4 Qb5 32. Rc8+ Kh7 33. Qf3 f5 0-1

[Event "Bogota IRT op"]
[Site "Bogota"]
[Date "2009.05.02"]
[Round "7"]
[White "Panesso, Oscar J"]
[Black "Avella Rosas, Luis Eduardo"]
[Result "0-1"]
[WhiteElo "2042"]
[BlackElo "1960"]
[PlyCount "70"]
[EventDate "2009.04.30"]
[EventType "swiss"]
[EventRounds "9"]
[EventCountry "COL"]
[SourceTitle "CBM 130 Extra"]
[Source "ChessBase"]
[SourceDate "2009.07.02"]
[SourceVersion "2"]
[SourceVersionDate "2009.07.15"]
[SourceQuality "1"]

1. e4 e5 2. Nf3 Nc6 3. Bc4 Be7 4. d4 exd4 5. c3 Na5 6. Bd3 dxc3 7. Nxc3 d6 8. 0-0 Nf6 9. Bf4 Nc6 10. h3 0-0 11. Nd5 Ne5 12. Nxe7+ Qxe7 13. Nxe5 dxe5 14. Be3 b6 15. f3 Bb7 16. Qc2 Rfd8 17. Rac1 c5 18. Bg5 h6 19. Bh4 Rd4 20. Bf2 Rd6 21. Bc4 Nh5 22. Kh2 Qg5 23. h4 Qf4+ 24. Kg1 Rad8 25. Rcd1 Qf6 26. a4 Nf4 27. Kh2 Bc8 28. Rxd6 Qxd6 29. Qc3 Be6 30. Bb5 f6 31. a5 Qd2 32. axb6 axb6 33. Ba6 Kh7 34. Kg3 Ne2+ 35. Bxe2 Qf4# 0-1

[Event "Bogota Mila Memorial op"]
[Site "Bogota"]
[Date "2009.04.??"]
[Round "5"]
[White "Avella Rosas, Luis Eduardo"]
[Black "Soste, Victor Julio"]
[Result "0-1"]
[WhiteElo "1973"]
[BlackElo "2048"]
[PlyCount "72"]
[EventDate "2009.04.??"]
[EventType "swiss"]
[EventRounds "9"]
[EventCountry "COL"]
[SourceTitle "EXT 2014"]
[Source "ChessBase"]
[SourceDate "2013.11.20"]
[SourceVersion "1"]
[SourceVersionDate "2013.11.20"]
[SourceQuality "1"]

1. e4 Nf6 2. Bc4 d6 3. c3 e6 4. d3 c6 5. f4 Nbd7 6. Bb3 Nc5 7. Bc2 e5 8. b4 Ncd7 9. Nf3 a5 10. fxe5 dxe5 11. bxa5 Rxa5 12. Nbd2 Qc7 13. Nc4 Ra6 14. 0-0 b5 15. Ne3 Qa7 16. d4 exd4 17. cxd4 c5 18. d5 c4 19. Kh1 Bc5 20. Nf5 Ng4 21. Nxg7+ Kf8 22. Nf5 Rg8 23. N3d4 Nde5 24. Bb2 Bxf5 25. Nxf5 Rag6 26. d6 Qd7 27. Qd5 Bb6 28. a4 b4 29. a5 Bd8 30. Ba4 Qa7 31. Bd4 Qb8 32. Bxe5 Nxe5 33. Qxe5 Re6 34. Nh6 Rxh6 35. Rxf7+ Kxf7 36. Be8+ Rxe8 0-1